| 000 | 00691nam a22002294a 4500 | ||
|---|---|---|---|
| 999 |
_c140843 _d140843 |
||
| 003 | UPN | ||
| 005 | 20230602063740.0 | ||
| 008 | 090204s2006 mx a gr 000 f spa d | ||
| 020 | _a9707470550 | ||
| 035 | _aUPN01000168737 | ||
| 040 |
_aUPN _bspa _cUPN |
||
| 049 | _aCG | ||
| 050 | 4 |
_aPQ7298.15 S3.2 _bY6.4 |
|
| 100 | 1 |
_aEscalante Gonzalbo, Pablo, _d1963- _930882 |
|
| 245 | 1 | 0 |
_aYohualmiztli puma de la noche : _bun mago del México antiguo en tiempos del rey Ahuítzotl / _cPablo Escalante Gonzalbo. |
| 260 |
_aMéxico : _bYolihue, _c2006. |
||
| 300 |
_a91 p. : _bil. |
||
| 650 | 4 |
_aNovela mexicana _94557 |
|
| 650 | 4 |
_95428 _aAZTECAS - _vNOVELA |
|
| 905 | _aLibro | ||
| 942 |
_2lcc _cLIBRO |
||